Sueños y canciones (Registro nro. 1029)
[ vista simple ]
| 000 -CABECERA | |
|---|---|
| Longitud fija campo de control | 00902nam a2200277Ia 4500 |
| 005 - • FECHA Y HORA DE LA ÚLTIMA TRANSACCIÓN | |
| Fecha y hora de la última transacción | 20220316235447.0 |
| 008 - • CÓDIGOS DE INFORMACIÓN DE LONGITUD FIJA | |
| Códigos de información de longitud fija | 121119s1996 ck gr 000 p spa |
| 020 ## - • NÚMERO INTERNACIONAL NORMALIZADO PARA LIBROS | |
| Número Internacional Normalizado para Libros (ISBN) | 9583600261 |
| 041 1# - • CÓDIGO DE LENGUA | |
| Código de lengua del texto/banda sonora o título independiente | spa |
| 040 ## - FUENTE DE LA CATALOGACIÓN | |
| Centro catalogador de origen | CO-BoRNBP |
| Lengua de catalogación | spa |
| Normas de descripción | rda |
| Centro transcriptor | CO-BoRNBP |
| 084 ## - • Clasificación Local Alfanúmerica PNLB | |
| Número de clasificación | P HEI3 |
| 100 1# - • PUNTO DE ACCESO PRINCIPAL-NOMBRE DE PERSONA | |
| Nombre de persona | Heine, Heinrich |
| Fechas asociadas al nombre | 1797-1856 |
| 245 10 - • TITULO PROPIAMENTE DICHO | |
| Título | Sueños y canciones |
| Mención de responsabilidad, etc. | Heinrich Heine ; traducción y prólogo de Luis Fayad |
| 250 ## - • MENCIÓN DE EDICIÓN | |
| Mención de edición | Primera edición |
| 264 ## - PRODUCCIÓN, PUBLICACIÓN , DISTRIBUCIÓN, FABRICACIÓN Y COPYRIGHT | |
| Lugar de producción, publicación, distribución, fabricación | Santa Fé de Bogotá |
| Nombre del productor, editor, distribuidor, fabricante | El Ancora Editores |
| Fecha de de producción, publicación, distribución, fabricación o copyright | 1996 |
| 300 ## - • DESCRIPCIÓN FÍSICA | |
| Extensión | 99 páginas |
| Dimensiones | 21 cm |
| 336 ## - TIPO DE CONTENIDO | |
| Término de tipo de contenido | texto |
| Código de tipo de contenido | txt |
| Fuente | rdacontent |
| 337 ## - TIPO DE MEDIO | |
| Nombre del tipo de medio | sin mediación |
| Código del tipo de medio | n |
| Fuente | rdamedia |
| 338 ## - TIPO DE SOPORTE | |
| Nombre del tipo de soporte | volumen |
| Código del tipo de soporte | nc |
| Fuente | rdacarrier |
| 534 ## - • Nota De Versión Original | |
| Edition statement of original | Texto bilingue en español y alemán |
| 650 14 - • PUNTO DE ACCESO ADICIONAL DE MATERIA - TÉRMINO DE MATERIA | |
| Término de materia o nombre geográfico como elemento inicial | Poesía alemana |
| Fuente del encabezamiento o término | LEMB |
| 650 14 - • PUNTO DE ACCESO ADICIONAL DE MATERIA - TÉRMINO DE MATERIA | |
| Término de materia o nombre geográfico como elemento inicial | Sueños |
| Subdivisión de forma | Poesías |
| Fuente del encabezamiento o término | LEMB |
| 650 14 - • PUNTO DE ACCESO ADICIONAL DE MATERIA - TÉRMINO DE MATERIA | |
| Término de materia o nombre geográfico como elemento inicial | Romanticismo en la poesía |
| Fuente del encabezamiento o término | LEMB |
| 700 1# - • PUNTO DE ACCESO ADICIONAL - NOMBRE DE PERSONA | |
| Nombre de persona | Fayad, Luis, |
| Fechas asociadas al nombre | 1945- |
| Término indicativo de función | traductor |
| 942 ## - ENTRADA DE ELEMENTOS AGREGADOS (KOHA) | |
| Fuente de clasificaión o esquema | |
| Koha [por defecto] tipo de item | Libro Literatura |
| Perdido | Fuente de clasificación o esquema | Estado Físico | No para préstamo | Forma de adquisición | Localización permanente | Localización actual | Localización en estanterías | Fecha adquisición | Préstamos totales | Signatura completa | Código de barras | Fecha última consulta | Número de copia | Fecha del precio de reemplazo | Tipo de item de Koha | Número de registro |
|---|---|---|---|---|---|---|---|---|---|---|---|---|---|---|---|---|
| Dewey Decimal Classification | Colección General | Biblioteca Pública Cubarral | Biblioteca Pública Cubarral | Literatura | 08/02/2023 | P HEI3 | CUB01887 | 08/02/2023 | Ej.1 | 08/02/2023 | Libro Literatura | |||||
| Dewey Decimal Classification | Colección General | Biblioteca Pública Fuentedeoro - Henry Llanos García | Biblioteca Pública Fuentedeoro - Henry Llanos García | Literatura | 08/01/2023 | P HEI3 | Fo01510 | 08/01/2023 | Ej.1 | 08/01/2023 | Libro Literatura | |||||
| Dewey Decimal Classification | Colección General | Biblioteca Pública Lejanias | Biblioteca Pública Lejanias | General | 01/21/2026 | P HEI3 | LEJ01866 | 01/21/2026 | Ej.1 | 01/21/2026 | Libro Literatura | |||||
| Dewey Decimal Classification | Colección General | Biblioteca Pública Puerto Lleras | Biblioteca Pública Puerto Lleras | Literatura | 03/01/2024 | P HEI3 | PLL01288 | 03/01/2024 | Ej.1 | 03/01/2024 | Libro Literatura | |||||
| Dewey Decimal Classification | Colección General | Biblioteca Pública Puerto López - Jorge Eliecer Gaitán | Biblioteca Pública Puerto López - Jorge Eliecer Gaitán | General | 10/28/2025 | P HEI3 | PLZ03905 | 10/28/2025 | Ej.1 | 10/28/2025 | Libro Literatura | |||||
| Dewey Decimal Classification | Colección General | Biblioteca Pública El Castillo - Alfonso Meneses | Biblioteca Pública El Castillo - Alfonso Meneses | Literatura | 07/26/2023 | P HEI3 | EC02293 | 07/26/2023 | Ej.1 | 07/26/2023 | Libro Literatura | |||||
| Dewey Decimal Classification | Colección General | Biblioteca Pública Barranca de Upia - María Dolores Herrera | Biblioteca Pública Barranca de Upia - María Dolores Herrera | Literatura | 10/02/2023 | P HEI3 | BUP00794 | 10/02/2023 | Ej.1 | 10/02/2023 | Libro Literatura | |||||
| Dewey Decimal Classification | Infantil | Biblioteca Pública Guamal | Biblioteca Pública Guamal | Sala Infantil | 02/15/2023 | P HEI3 | GUA001316 | 02/15/2023 | Ej.1 | 02/15/2023 | Libro Infantil | |||||
| Dewey Decimal Classification | Colección General | Biblioteca Pública Mapiripan | Biblioteca Pública Mapiripan | Literatura | 01/15/2024 | P HEI3 | MAP00001471 | 01/15/2024 | Ej.1 | 01/15/2024 | Libro Literatura | |||||
| Dewey Decimal Classification | Biblioteca Pública Mesetas - Franco lodo Poloxi | Biblioteca Pública Mesetas - Franco lodo Poloxi | Literatura | 11/18/2024 | P HEI3 | ME000585 | 11/18/2024 | Ej.1 | 11/18/2024 | Libro Literatura | 9583600261 | |||||
| Dewey Decimal Classification | Colección General | Biblioteca Pública Uribe - Reinerio Arenas | Biblioteca Pública Uribe - Reinerio Arenas | Literatura | 01/22/2025 | P HEI3 | URI02305 | 01/22/2025 | Ej.1 | 01/22/2025 | Libro Literatura |